Vacuum fluorescent driver.

Guardado en:
Autor Corporativo: OKI semiconductor.
Formato: Libro
Idioma:English
Publicado: Sunnyvale, CA : OKI semiconductor, 1990.
Edición:2nd ed.
Materias:
Etiquetas: Agregar Etiqueta
Sin Etiquetas, Sea el primero en etiquetar este registro!
LEADER 00648nam a22002055a 4500
001 EIQ.libpla003860
008 080401s1990####caua#####c####000#0#eng#d
005 20080403162249.0
245 0 0 |a Vacuum fluorescent driver. 
250 |a 2nd ed. 
260 |a Sunnyvale, CA :  |b OKI semiconductor,  |c 1990. 
300 |a 345 p. :  |b il. ;  |c 22 cm. 
500 |a "Data book". 
710 2 |a OKI semiconductor. 
650 4 |a Electrónica  |x Semiconductores. 
650 4 |a Semiconductores  |x Catálogos. 
650 4 |a Semiconductor  |x Catalogs. 
650 4 |a Electronics  |x Semiconductor. 
040 |a AR-BbSID  |b spa  |c AR-BbSID 
859 |a AR-BbSID  |b BIB. PLAPIQUI  |h 621.381 1  |i V 136  |p 4053